[Event "Barcelona op-B"]
[Site "Barcelona"]
[Date "1998.??.??"]
[Round "3"]
[White "Gil Espla, J."]
[Black "Mangiavacchi, L."]
[Result "0-1"]
[WhiteElo "2000"]
[BlackElo "1900"]
[PlyCount "124"]
[EventDate "1998.??.??"]
[EventType "swiss"]
[EventRounds "8"]
[EventCountry "ESP"]
[SourceTitle "EXT 2019"]
[Source "ChessBase"]
[SourceDate "2018.10.10"]
[SourceVersion "1"]
[SourceVersionDate "2018.10.10"]
[SourceQuality "1"]

1. e4 e5 2. Nf3 Nc6 3. Bb5 a6 4. Ba4 Nf6 5. 0-0 Bc5 6. Re1 b5 7. Bb3 0-0 8. a4 b4 9. d3 d6 10. c3 Rb8 11. Nbd2 Bg4 12. h3 Bh5 13. Bc2 d5 14. Nf1 bxc3 15. bxc3 d4 16. Bd2 dxc3 17. Bxc3 Bb4 18. Bxb4 Rxb4 19. Rb1 Bxf3 20. Qxf3 Nd4 21. Qd1 Nxc2 22. Qxc2 c5 23. Qxc5 Rxb1 24. Rxb1 Qxd3 25. Rb4 h6 26. Qc4 Rd8 27. Qxd3 Rxd3 28. Rb8+ Kh7 29. Ra8 Nxe4 30. Rxa6 Rd1 31. f3 Ng3 32. Kf2 Nxf1 33. a5 Ra1 34. Ra7 Kg6 35. Rd7 Nh2 36. Kg3 Nxf3 37. gxf3 Rxa5 38. Rd6+ f6 39. Rd7 Ra2 40. Rb7 Ra4 41. Re7 h5 42. h4 Kh6 43. Re6 Ra7 44. Kg2 Kg6 45. Kg3 Kf5 46. Re8 g5 47. hxg5 Kxg5 48. Rg8+ Kf5 49. Rh8 Kg6 50. Rg8+ Rg7 51. Rh8 Kf5+ 52. Kf2 Kg5 53. Kg3 Rg6 54. Rh7 Rg8 55. Kf2 h4 56. Kg2 f5 57. Kf2 Ra8 58. Ke3 Ra3+ 59. Kf2 Ra6 60. Rh8 Rh6 61. Rg8+ Kf4 62. Rg2 Ra6 0-1

[Event "Barcelona op-B"]
[Site "Barcelona"]
[Date "1998.??.??"]
[Round "7"]
[White "Godesard Forgas, Carles"]
[Black "Mangiavacchi, L."]
[Result "0-1"]
[WhiteElo "2035"]
[BlackElo "1900"]
[PlyCount "52"]
[EventDate "1998.??.??"]
[EventType "swiss"]
[EventRounds "8"]
[EventCountry "ESP"]
[SourceTitle "EXT 2019"]
[Source "ChessBase"]
[SourceDate "2018.10.10"]
[SourceVersion "1"]
[SourceVersionDate "2018.10.10"]
[SourceQuality "1"]

1. e4 e5 2. Nf3 Nc6 3. d4 exd4 4. Nxd4 Nf6 5. Nc3 Bb4 6. Bg5 h6 7. Nxc6 bxc6 8. Bh4 Qe7 9. Bd3 g5 10. Bg3 Nxe4 11. 0-0 Nxc3 12. bxc3 Bxc3 13. Rb1 d6 14. Qf3 d5 15. Bb5 Qc5 16. Rfe1+ Be6 17. Re3 Bd4 18. Rxe6+ fxe6 19. Bd3 Rf8 20. Bg6+ Kd7 21. Qe2 Rf6 22. Rb7 e5 23. h4 Rxg6 24. Qf3 Rf8 25. Qg4+ Re6 26. hxg5 Bxf2+ 0-1